Transformar la formación docente inicial : (Record no. 94886)

MARC details
000 -CABECERA
campo de control de longitud fija 00811nam a2200205 a 4500
005 - FECHA Y HORA DE LA ÚLTIMA TRANSACCIÓN
campo de control 20220621063709.0
008 - ELEMENTOS DE LONGITUD FIJA--INFORMACIÓN GENERAL
campo de control de longitud fija 030310s1999 mx r 000 0 spa d
020 ## - NÚMERO INTERNACIONAL NORMALIZADO PARA LIBROS
Número Internacional Estándar del Libro 9561503476
035 ## - NÚMERO DE CONTROL DEL SISTEMA
Número de control de sistema UPN01000122703
049 ## - COLECCIÓN
Colección CG
050 #4 - SIGNATURA TOPOGRÁFICA DE LA BIBLIOTECA DEL CONGRESO
Número de clasificación LB1727 A4.4
Número de documento/Ítem T7.2
245 00 - MENCIÓN DE TÍTULO
Título Transformar la formación docente inicial :
Resto del título propuesta en didáctica de lengua materna /
Mención de responsabilidad, etc. coord. Josette Jolibert.
260 ## - PUBLICACIÓN, DISTRIBUCIÓN, ETC.
Lugar de publicación, distribución, etc. Santiago :
Nombre del editor, distribuidor, etc. Aula XXI :
-- Santillana,
Fecha de publicación, distribución, etc. 1999.
300 ## - DESCRIPCIÓN FÍSICA
Extensión 259 p.
500 ## - NOTA GENERAL
Nota general En la portada: Redes Nacionales para la Transformación de la Formación Docente Inicial en los Países de América Latina y el Caribe.
650 #4 - ASIENTO SECUNDARIO DE MATERIA - TERMINO TEMATICO
Término de materia o nombre geográfico como elemento de entrada MAESTROS EN SERVICIO, FORMACION DE -
Subdivisión geográfica AMERICA LATINA
9 (RLIN) 872
650 #4 - ASIENTO SECUNDARIO DE MATERIA - TERMINO TEMATICO
Término de materia o nombre geográfico como elemento de entrada Español
Subdivisión general Planes y programas
9 (RLIN) 17041
700 1# - ASIENTO SECUNDARIO--NOMBRE DE PERSONAL
Nombre de persona Jolibert, Josette,
Término indicativo de función/relación coord.
9 (RLIN) 28799
905 ## - TIPO DE MATERIAL
Tipo de material Libro
Holdings
Estado de retiro Estado de pérdida Fuente del sistema de clasificación o colocación Estado dañado Restricciones de uso No para préstamo Código de colección Localización permanente Ubicación/localización actual Ubicación en estantería Fecha de adquisición Total de préstamos Clasificación Código de barras Fecha visto por última vez Número de copia Tipo de ítem Koha
    Library of Congress Classification   Préstamo por horas   Bibliografía básica Bib. Gregorio Torres Quintero Bib. Gregorio Torres Quintero Colecciones especiales Planta alta 30/01/2023 5 LB1727 A4.4 T7.2 206714 31/12/2020 1 Libro por horas
    Library of Congress Classification       Colección General Bib. Gregorio Torres Quintero Bib. Gregorio Torres Quintero Planta baja   8 LB1727 A4.4 T7.2 206713 31/12/2020 1 Libro
    Library of Congress Classification       Colección General Bib. Gregorio Torres Quintero Bib. Gregorio Torres Quintero Planta baja   7 LB1727 A4.4 T7.2 212463 31/12/2020 1 Libro
    Library of Congress Classification       Colección General Bib. Gregorio Torres Quintero Bib. Gregorio Torres Quintero Planta baja   8 LB1727 A4.4 T7.2 208187 31/12/2020 1 Libro
    Library of Congress Classification       Colección General Bib. Gregorio Torres Quintero Bib. Gregorio Torres Quintero Planta baja     LB1727 A4.4 T7.2 208186 31/12/2020 1 Libro
    Library of Congress Classification       Colección General Bib. Gregorio Torres Quintero Bib. Gregorio Torres Quintero Planta baja   3 LB1727 A4.4 T7.2 206712 31/12/2020 1 Libro
    Library of Congress Classification       Colección General Bib. Gregorio Torres Quintero Bib. Gregorio Torres Quintero Planta baja   9 LB1727 A4.4 T7.2 212376 31/12/2020 1 Libro
    Library of Congress Classification       Colección General Bib. Gregorio Torres Quintero Bib. Gregorio Torres Quintero Planta baja   8 LB1727 A4.4 T7.2 212377 31/12/2020 1 Libro